000 00403nam a2200145Ia 4500
003 OSt
005 20260129123728.0
008 211028s2018 xx 000 0 und d
040 _cAIMIT LIBRARY
041 _aeng
100 _aNaveena; Baretto, Royce Winfred.
_g1616117
_97872
245 _aStudy on cost analysis of KIOCL Mangalore /
260 _aMangalore
_bLestan D Souza.
_c2018
942 _2ddc
_cPRO
999 _c219440
_d219440